Countries - Beginning with the letters T.O.N.G.A. - Statistics

General Stats
  • This quiz has been taken 73 times
  • The average score is 34 of 45
Answers on the Map
Answers color-coded by a green-red scale on the quiz's map according to % correct below.
 
Answer Stats
Country % Correct
Oman
93%
Tonga
88%
Afghanistan
86%
Australia
86%
Angola
85%
Austria
85%
Azerbaijan
85%
Algeria
83%
Argentina
83%
Armenia
80%
Gabon
80%
Guatemala
80%
Namibia
80%
Niger
80%
Nigeria
80%
Turkmenistan
78%
Andorra
76%
Antigua and Barbuda
76%
Ghana
76%
Turkey
76%
Tuvalu
76%
Albania
75%
Germany
75%
Greece
75%
North Korea
75%
Togo
75%
Gambia
73%
Guyana
73%
Netherlands
73%
New Zealand
73%
Nicaragua
73%
Norway
73%
Tanzania
73%
Thailand
73%
Guinea
71%
Nauru
71%
Nepal
71%
Tajikistan
71%
Tunisia
71%
Georgia
66%
Trinidad and Tobago
66%
Guinea-Bissau
64%
Taiwan
64%
Grenada
58%
North Macedonia
49%
No matching quizzes found
Score Distribution
Percent of People with Each Score
Percentile by Number Answered
Your Score History
You have not taken this quiz